000 00481nam a2200193 a 4500
001 15281
005 20180713203926.0
008 140415s1974 mx 000 0 spa d
020 _a968160623X
041 _aspa
082 _a320.1
_bHEL
100 1 _aHELLER, HERMANN
245 1 0 _aTEORIA DEL ESTADO
250 _a1a ed.
260 _aMEXICO :
_bFCE,
_c1974
300 _a341
650 1 4 _aCIENCIAS POLITICAS
_xESTADO
700 1 _aNIEMEYER, GERHART
_eprĂ³l.
999 _c15281
_d15281